Comportamiento organizacional : (Registro nro. 18257)
[ vista simple ]
| 000 -Cabecera | |
|---|---|
| Campo de control interno | 01093nam a2200229Ia 4500 |
| 005 - Fecha y hora del registro | |
| control field | 20260406121910.0 |
| 008 - Elementos de Longitud Fija | |
| fixed length control field | 260306s9999||||xx |||||||||||||| ||und|| |
| 041 ## - Idioma | |
| Codigo Idioma | ESP |
| 082 ## - DEWEY y NOTACIÓN INTERNA | |
| Dewey | 658.402 |
| Notación Interna | CH548 |
| 100 ## - AUTOR | |
| Autor denominación | Chiavenato, Idalberto |
| Término de relación | autor |
| 245 #0 - TÍTULO DE MATERIAL BIBLIOGRÁFICO | |
| Título | Comportamiento organizacional : |
| Título paralelo | la dinámica del éxito en las organizaciones |
| 260 ## - CIUDAD, EDITORIAL, AÑO | |
| Año | 2009 |
| 300 ## - DESCRIPCIÓN | |
| N° Páginas | xviii, 524 páginas : |
| Dimensiones | 27 cm. |
| 650 ## - TEMAS | |
| Temas | Generalidades |
| 654 ## - PROGRAMAS | |
| Programa | Dpto. de Administración de Negocios |
| 856 ## - URL - UBICACIÓN | |
| URI/URL: Enlace exacto del recurso | <a href="https://0u213vapa-y-https-ebooks7--24-com.itmsp.museknowledge.com/?il=20753&pg=s9ml/chapter01/half.xhtml#data-uuid-4070f96737ab455e8e5753beda2dd3e9">https://0u213vapa-y-https-ebooks7--24-com.itmsp.museknowledge.com/?il=20753&pg=s9ml/chapter01/half.xhtml#data-uuid-4070f96737ab455e8e5753beda2dd3e9</a> |
| Nota pública: Versión digital | <a href="Versión digital (2022)">Versión digital (2022)</a> |
| 856 ## - URL - UBICACIÓN | |
| URI/URL: Enlace exacto del recurso | <a href="https://0u213var9-y-https-ebooks7--24-com.itmsp.museknowledge.com/biblioteca.aspx">https://0u213var9-y-https-ebooks7--24-com.itmsp.museknowledge.com/biblioteca.aspx</a> |
| Nota pública: Versión digital | <a href="Véase además: Base de datos Ebook7-24">Véase además: Base de datos Ebook7-24</a> |
| 856 ## - URL - UBICACIÓN | |
| URI/URL: Enlace exacto del recurso | <a href="https://0u20fvas0-y-https-research-ebsco-com.itmsp.museknowledge.com/c/qxo6us/search">https://0u20fvas0-y-https-research-ebsco-com.itmsp.museknowledge.com/c/qxo6us/search</a> |
| Nota pública: Versión digital | <a href="Véase además: Base de datos EBSCOhost">Véase además: Base de datos EBSCOhost</a> |
| 856 ## - URL - UBICACIÓN | |
| URI/URL: Enlace exacto del recurso | <a href="https://0u20yvart-y-https-www-bibliotechnia-com-mx.itmsp.museknowledge.com/">https://0u20yvart-y-https-www-bibliotechnia-com-mx.itmsp.museknowledge.com/</a> |
| Nota pública: Versión digital | <a href="Véase además: Base de datos BiblioTechnia">Véase además: Base de datos BiblioTechnia</a> |
| 942 ## - ELEMENTOS DE KOHA | |
| Tipo de documento | Libro |
| Nombre del creador | Justo Noguera |
| Código de catalogador | Justo Noguera |
| Esquema de clasificación | Dewey Decimal Classification |
| Codigo completo | Registro | Colección | Copia número | Disponibilidad | Tipo de préstamo | Biblioteca Actual | Procedencia (Biblioteca) | Ubicacón | Fecha Ingreso | Tipo de Adquisición | Date last seen | Total checkouts | Price effective from | Tipo de Item | Estado del Material | Fuente de Clasificación | Damaged status | Withdrawn status |
|---|---|---|---|---|---|---|---|---|---|---|---|---|---|---|---|---|---|---|
| 658.402 CH548 | 1000259 | Universidad Católica San Pablo | 1 | Disponible | Disponible | Víctor Andrés Belaunde | Víctor Andrés Belaunde | Primer piso | 03/06/2026 | Compra | 06/03/2026 | 06/03/2026 | Libro | Bueno | Dewey Decimal Classification | |||
| 658.402 CH548 2017 | 1064339 | Universidad Católica San Pablo | 2 | Disponible | Disponible | Víctor Andrés Belaunde | Víctor Andrés Belaunde | Primer piso | 01/04/2026 | Compra | 01/04/2026 | 01/04/2026 | Libro | Bueno | Dewey Decimal Classification |




